Theranjedutha kathakal (v.2): (Record no. 46841)

000 -LEADER
fixed length control field 00452nam a22001451a 4500
082 ## - DEWEY DECIMAL CLASSIFICATION NUMBER
Classification number M301
Item number RAM/V
100 ## - MAIN ENTRY--PERSONAL NAME
Personal name Raman Nair Vettoor
9 (RLIN) 66771
245 ## - TITLE STATEMENT
Title Theranjedutha kathakal (v.2):
Remainder of title Vettor Raman Nair/
Statement of responsibility, etc. by Raman Nair Vettoor
260 ## - PUBLICATION, DISTRIBUTION, ETC.
Place of publication, distribution, etc. Kottayam:
Name of publisher, distributor, etc. Sahitya Pravartaka Co-operative Society,
Date of publication, distribution, etc. 1982.
300 ## - PHYSICAL DESCRIPTION
Extent 360p.
650 ## - SUBJECT ADDED ENTRY--TOPICAL TERM
Topical term or geographic name entry element Stories Malayalam
9 (RLIN) 66772
650 ## - SUBJECT ADDED ENTRY--TOPICAL TERM
Topical term or geographic name entry element Literature Malayalam
9 (RLIN) 66773
650 ## - SUBJECT ADDED ENTRY--TOPICAL TERM
Topical term or geographic name entry element Literature
9 (RLIN) 66774
942 ## - ADDED ENTRY ELEMENTS (KOHA)
Koha item type Book
Holdings
Withdrawn status Lost status Damaged status Not for loan Permanent Location Current Location Date acquired Cost, normal purchase price Total Checkouts Full call number Barcode Date last seen Cost, replacement price Price effective from Koha item type Source of classification or shelving scheme Shelving location
        Sree Sankaracharya University of Sanskrit Sree Sankaracharya University of Sanskrit 08.01.2015 35.00   M301 RAM/V 002539 25.07.2015 0.00 08.01.2015 Book    
Write off       Sree Sankaracharya University of Sanskrit Sree Sankaracharya University of Sanskrit 21.12.2023 35.00   M301 RAM/V 013657 21.12.2023   21.12.2023 Book   Stacks